LEADER 00892cam2 2200265 450 001 E600200049899 005 20160212094727.0 100 $a20090608d1966 |||||ita|0103 ba 101 $aita 102 $aIT 200 0 $a1.$fMario Amelotti 210 $aTorino$cGiappichelli$d1966 215 $a269 p.$d25 cm. 300 $a(mm) 461 1$1001E600200049898$12000 $a<>forme classiche di testamento : lezioni di diritto romano raccolte da Remo Martini 700 1$aAmelotti$b, Mario$3A600200055033$4070$0185411 801 0$aIT$bUNISOB$c20160212$gRICA 850 $aUNISOB 852 $aUNISOB$jFondo|Casavola$m144620 912 $aE600200049899 940 $aM 102 Monografia moderna SBN 941 $aW 957 $aFondo|Casavola$b000228$i1$gSi$d144620$hCasavola$rdono$1menle$2UNISOB$3UNISOB$420090608104446.0$520160212094727.0$6petrellap 996 $a1$91681948 997 $aUNISOB